[Event "EU-chT (Men)"]
[Site "Pula"]
[Date "1997.??.??"]
[Round "5"]
[White "Cvitan, Ognjen"]
[Black "Godena, Michele"]
[Result "1/2-1/2"]
[WhiteElo "2550"]
[BlackElo "2545"]

1.d4 d5 2.c4 dxc4 3.Nf3 Nf6 4.e3 e6 5.Bxc4 c5 6.O-O a6 7.Bb3 Nc6 8.Qe2 cxd4
9.Rd1 d3 10.Rxd3 Qc7 11.Nc3 Be7 12.e4 Nd7 13.Rd1 O-O 14.Bc2 b6 15.e5 Rd8
16.Bf4 Bb7 17.Rac1 Nf8 18.Bb1 Rxd1+ 19.Qxd1 Rd8 20.Qe2 Ng6 21.Bxg6 hxg6 22.Ne4 Qd7
23.Nd6 Bxd6 24.exd6 f6 25.h4 e5 26.Be3 Qxd6 27.Bxb6 Qd3 28.Qxd3 Rxd3 29.Be3 Nb4
30.Ne1 Rd7 31.a3 Nd5 32.Bd2 Ne7 33.Bc3 Nf5 34.g3 Ne7 35.f3 Kf7 36.Kf2 Ke6
37.g4 Nd5 38.Nd3 Rc7 39.Bd2 Rxc1 40.Bxc1 Kd6 41.Bd2 Bc6 42.Nb4  1/2-1/2

[Event "EU-chT (Men)"]
[Site "Pula"]
[Date "1997.??.??"]
[Round "5"]
[White "Arduman, Can"]
[Black "Westerinen, Heikki MJ"]
[Result "0-1"]
[WhiteElo "2405"]
[BlackElo "2425"]

1.d4 Nf6 2.Nf3 d5 3.c4 dxc4 4.e3 e6 5.Bxc4 c5 6.O-O a6 7.Bd3 Nc6 8.a3 cxd4
9.exd4 Be7 10.Nc3 O-O 11.Bg5 Nd5 12.Bxe7 Ncxe7 13.Bc2 b6 14.Qd3 Ng6 15.g3 Nxc3
16.bxc3 Bb7 17.Nd2 Qd5 18.f3 Rac8 19.Qe3 Qa5 20.c4 Rfd8 21.Be4 Bc6 22.Rac1 Ne7
23.Rb1 b5 24.c5 e5 25.Nb3 Qxa3 26.Bxc6 Nxc6 27.dxe5 Nd4 28.Rfc1 h6 29.Rd1 Nxb3
30.Rxd8+ Rxd8 31.Rxb3 Rd1+ 32.Kg2 Qa2+ 33.Kh3 Rh1 34.Kg4 Qxh2 35.Kf4 Rg1
36.Ke4 Qxg3 37.Kd5 Re1 38.Qd4 Qg6 39.Re3 Qe6+ 40.Ke4 f5+  0-1

[Event "EU-chT (Men)"]
[Site "Pula"]
[Date "1997.??.??"]
[Round "5"]
[White "Kochetkov, German"]
[Black "Gyimesi, Zoltan"]
[Result "1/2-1/2"]
[WhiteElo "2350"]
[BlackElo "2500"]

1.d4 d5 2.c4 dxc4 3.e3 c5 4.Bxc4 e6 5.Nf3 Nf6 6.O-O a6 7.Bb3 Nc6 8.Qe2 cxd4
9.Rd1 Be7 10.exd4 O-O 11.Nc3 Na5 12.Bc2 b5 13.Ng5 g6 14.Qf3 Nd5 15.Qg3 Nc4
16.Qh4 Bxg5 17.Bxg5 f6 18.Bc1 Nxc3 19.bxc3 Bb7 20.Qg4 Qd7 21.h4 Kh8 22.Re1 Bd5
23.a4 Rac8 24.axb5 axb5 25.Bh6 Rf7 26.Bb3 Nd6 27.Bxd5 exd5 28.Qxd7 Rxd7 29.Re6 Nf5
30.Bd2 Rd6 31.Rxd6 Nxd6 32.f3 Nf5 33.Rb1 Nxh4 34.Rxb5 Rd8 35.Kf2 g5 36.f4 h6
37.g4 Rd7 38.Rc5 Kg7 39.c4  1/2-1/2

[Event "Pula op"]
[Site "Pula"]
[Date "1997.??.??"]
[Round "6"]
[White "Zaja, Ivan"]
[Black "Bogut, Zeljko"]
[Result "1-0"]
[WhiteElo "2440"]
[BlackElo "2285"]

1.d4 d5 2.c4 dxc4 3.e3 e6 4.Bxc4 Nf6 5.Nf3 c5 6.O-O a6 7.a3 b5 8.Ba2 Bb7
9.Nc3 Nbd7 10.Re1 Rc8 11.e4 cxd4 12.Nd5 Bc5 13.b4 Ba7 14.Bg5 h6 15.Bh4 g5
16.Bg3 exd5 17.exd5+ Kf8 18.Nxd4 Bxd4 19.Qxd4 Qb6 20.Qd3 Kg7 21.h4 Nh5 22.Re7 Qf6
23.Rae1 Nxg3 24.Rxd7 Rc3 25.Qd2 Bc8 26.Rd6 Ne4 27.Rxe4 Qxd6 28.Qxc3+ Qf6
29.Qd2 Bf5 30.Rd4 Re8 31.Bb3 Re1+ 32.Qxe1 Qxd4 33.hxg5 hxg5 34.Qc1 Kg6 35.Qc6+ Qf6
36.g3 Be4 37.Bc2 Bxc2 38.Qxc2+ Kg7 39.Qd3 Kf8 40.d6 Ke8 41.Qe4+ Qe6 42.Qxe6+ fxe6
43.Kg2 g4 44.f3  1-0

[Event "EU-chT (Men)"]
[Site "Pula"]
[Date "1997.??.??"]
[Round "7"]
[White "Izeta Txabarri, Felix"]
[Black "Yilmaz, Turham"]
[Result "1-0"]
[WhiteElo "2490"]
[BlackElo "2390"]

1.d4 d5 2.c4 dxc4 3.Nf3 Nf6 4.e3 e6 5.Bxc4 c5 6.Qe2 a6 7.dxc5 Bxc5 8.O-O b5
9.Bd3 O-O 10.e4 e5 11.a4 b4 12.Be3 Bxe3 13.Qxe3 Nc6 14.Nbd2 Nh5 15.g3 Qf6
16.Rfc1 Rd8 17.Bc4 Be6 18.Bxe6 Qxe6 19.Rc5 Rac8 20.Rac1 Nf6 21.Ng5 Qd7 22.Nc4 Rb8
23.Nxf7 Qxf7 24.Rxc6 Ng4 25.Qe2 Qh5 26.h4 Rf8 27.Ne3 Nf6 28.Qxh5 Nxh5 29.Rxa6 Rbd8
30.Nd5 Rf3 31.Rb6 Rdf8 32.Rc2 b3 33.Rd2 Ra8 34.Nc3 Raf8 35.Kg2 Nf6 36.a5 Ng4
37.Nd1 R3f7 38.Rxb3 Nf6 39.f3 Ra8 40.Ra3 Rb7 41.Nc3 Kf7 42.Kf2 Ke6 43.Ke2 Ne8
44.Nd5 Nd6 45.Nb6 Ra6 46.Rd5 Rc7 47.Kd3 Rc1 48.Rc3  1-0

[Event "EU-chT (Men)"]
[Site "Pula"]
[Date "1997.??.??"]
[Round "7"]
[White "Sokolov, Ivan"]
[Black "Van Wely, Loek"]
[Result "1/2-1/2"]
[WhiteElo "2615"]
[BlackElo "2645"]

1.d4 d5 2.c4 dxc4 3.e3 Nf6 4.Bxc4 e6 5.Nf3 c5 6.O-O Nc6 7.Qe2 Qc7 8.Nc3 a6
9.Bd3 b6 10.Bd2 Bb7 11.Rac1 Be7 12.dxc5 bxc5 13.Ne4 Nd7 14.Bc3 O-O 15.Neg5 h6
16.Bh7+ Kh8 17.Bb1 Nd8 18.Rfd1 Bc6 19.Ne4 f5 20.Ng3 Nf7 21.Nh5 Rg8 22.e4 Ng5
23.exf5 Bxf3 24.gxf3 Nf6 25.Ng3 exf5 26.Kg2 f4 27.Nf5 Rge8 28.Nh4 c4 29.Be5 Bd6
30.Ng6+ Kg8 31.Bxd6 Qxd6 32.Qxc4+ Qe6 33.Nxf4 Qxc4 34.Rxc4 Ne6 35.Ng6 Kf7
36.f4 Rec8 37.Rdc1 Rxc4 38.Rxc4 Ra7 39.Ne5+ Kf8 40.Rc8+ Ne8 41.Bg6 Nxf4+
42.Kf3 Nxg6 43.Nxg6+ Kf7 44.Ne5+ Kf8 45.b4 Rb7 46.a3 Ke7 47.Nc4 Nd6 48.Rg8 Ke6
49.Nxd6 Kxd6 50.Ra8 Rb6 51.Ra7 g5 52.Kg4 Kc6 53.Rf7 Kb5 54.Rf5+ Ka4 55.Ra5+ Kb3
56.h4 gxh4 57.f4 Rf6 58.f5 Kc4 59.Kxh4 Kd4 60.Kg4 Ke4 61.Rc5 Rf8 62.a4 Rf7
63.Rc6 h5+ 64.Kh4 a5 65.b5 Rxf5 66.Ra6 Kd5 67.Rxa5 Kd6 68.Ra7 Kc5 69.Ra6 Re5
70.Kg3 Rf5 71.b6 Kc6 72.a5 Kb7 73.Ra7+ Kb8 74.Kh4 Rb5 75.Kh3 Rg5 76.Kh2 Rb5
77.Kg3 Rf5 78.Kg2 Rg5+ 79.Kh3 Rb5 80.Kh4 Rf5 81.a6 Rb5 82.Rb7+ Ka8 83.Kg3 h4+
84.Kg4 h3 85.Kxh3 Rh5+ 86.Kg4 Rg5+  1/2-1/2

[Event "EU-chT (Men)"]
[Site "Pula"]
[Date "1997.??.??"]
[Round "9"]
[White "Grabarczyk, Miroslaw"]
[Black "Gyimesi, Zoltan"]
[Result "1/2-1/2"]
[WhiteElo "2480"]
[BlackElo "2500"]

1.d4 d5 2.c4 dxc4 3.Nf3 Nf6 4.e3 e6 5.Bxc4 c5 6.O-O a6 7.dxc5 Qxd1 8.Rxd1 Bxc5
9.a3 b5 10.Bd3 Bb7 11.b4 Bb6 12.a4 bxa4 13.Nc3 Nbd7 14.Nxa4 O-O 15.Nxb6 Nxb6
16.Bd2 Rfc8 17.Be1 Nfd5 18.Nd4 Nc4 19.Bf1 Ndb6 20.Nb3 Bc6 21.Rdc1 Bb5 22.Nd4 Kf8
23.e4 e5 24.Nxb5 axb5 25.f3 Rxa1 26.Rxa1 Ra8 27.Rc1 Ke7 28.Bf2 Nd7 29.Bxc4 bxc4
30.Bh4+ f6 31.Rxc4 Ra1+ 32.Kf2 g5 33.Bg3 h5 34.h4 Rb1 35.hxg5 fxg5 36.Ke2 Rb2+
37.Kf1 Kd6 38.Bf2 Rb1+ 39.Be1 g4 40.fxg4 hxg4 41.Kf2 Rb3 42.Bc3 Nb6 43.Rc5 Nd7
44.Rc8 Nb6 45.Rd8+ Ke7 46.Rb8 Rxc3 47.Rxb6 Rc4 48.b5 Rxe4 49.Rh6 Rb4 50.b6 Rb3
51.b7 Kd7 52.Rh7+ Kc6 53.Re7 Kd6 54.Rg7 g3+ 55.Ke2 Kc6 56.Re7 Kd6 57.Rg7 Kc6
58.Re7  1/2-1/2

[Event "Seefeld op"]
[Site "Seefeld"]
[Date "1997.??.??"]
[Round "?"]
[White "Igney, Volkhard"]
[Black "Russ, Colin"]
[Result "1/2-1/2"]
[WhiteElo "2280"]
[BlackElo "1880"]

1.d4 d5 2.c4 dxc4 3.Nf3 Nf6 4.e3 e6 5.Bxc4 c5 6.O-O a6 7.a4 Nc6 8.Qe2 Qc7
9.Nc3 Be7 10.dxc5 Bxc5 11.e4 O-O 12.h3 Bd4 13.Re1 Bd7 14.Nxd4 Nxd4 15.Qd3 Nc2
16.Qxc2 Qxc4 17.e5 Nd5 18.Re4 Qc6 19.Rh4 f5 20.exf6 Nxf6 21.Bg5 Be8 22.Qe2 Bg6
23.Rc4 Qd7 24.Rd1 Nd5 25.Nxd5 exd5 26.Rcd4 Rae8 27.Qd2 Bf7 28.Be3 Rc8 29.Rh4 Qf5
30.Rf4 Qc2 31.Rb4 Qxd2 32.Rxd2 Rc7 33.Rdd4 h6 34.Rb6 Be8 35.Rb3 Bc6 36.Ra3 Re7
37.Rd1 Rfe8 38.Bd4 Re1+ 39.Rxe1 Rxe1+ 40.Kh2  1/2-1/2

[Event "RUS-ch Armed Forces"]
[Site "Sevastopol"]
[Date "1997.??.??"]
[Round "6"]
[White "Kharitonov, Andrei Y"]
[Black "Legky, Nikolay A"]
[Result "1/2-1/2"]
[WhiteElo "2520"]
[BlackElo "2535"]

1.d4 d5 2.c4 dxc4 3.Nf3 Nf6 4.e3 e6 5.Bxc4 c5 6.O-O Nc6 7.Qe2 cxd4 8.Rd1 Be7
9.exd4 O-O 10.Nc3 Na5 11.Bd3 b6 12.Bf4 Bb7 13.Rac1 Rc8 14.Bg3  1/2-1/2

[Event "RUS-ch Armed Forces"]
[Site "Sevastopol"]
[Date "1997.??.??"]
[Round "10"]
[White "Kiselev, Sergey"]
[Black "Legky, Nikolay A"]
[Result "0-1"]
[WhiteElo "2485"]
[BlackElo "2535"]

1.d4 d5 2.c4 dxc4 3.Nf3 Nf6 4.e3 e6 5.Bxc4 c5 6.O-O Nc6 7.Qe2 cxd4 8.Rd1 Be7
9.exd4 O-O 10.Nc3 Na5 11.Bd3 b6 12.Be3 Bb7 13.Ne5 Rc8 14.Rac1 Nd5 15.Qh5 f5
16.Qe2 Bf6 17.Nf3 Re8 18.Bb5 Re7 19.Nxd5 Bxd5 20.Bf4 Rxc1 21.Rxc1 h6 22.b4 Nb7
23.Ne5 Nd6 24.Bc6 g5 25.Be3 Bxe5 26.dxe5 Bxc6 27.Rxc6 Nf7 28.h4 Qd5 29.Rc8+ Kg7
30.hxg5 hxg5 31.Qh5 Rd7 32.f3 f4 33.Bxf4 Qd4+  0-1

[Event "RUS-Cup8"]
[Site "Smolensk"]
[Date "1997.??.??"]
[Round "3"]
[White "Tregubov, Pavel V"]
[Black "Donchenko, Anatoly G"]
[Result "1/2-1/2"]
[WhiteElo "2525"]
[BlackElo "2390"]

1.d4 d5 2.Nf3 Nf6 3.c4 dxc4 4.e3 e6 5.Bxc4 c5 6.Qe2 a6 7.dxc5 Bxc5 8.O-O b5
9.Bd3 Nc6 10.Nc3 Bb7 11.e4 Nd4 12.Nxd4 Bxd4 13.Rd1 Qb6 14.Bf4 e5 15.Nd5 Nxd5
16.exd5 f6 17.Be3 Bxe3 18.fxe3 Rd8 19.Be4 g6 20.Kh1 f5 21.Bc2 Bxd5 22.e4 Bc4
23.Rxd8+ Qxd8 24.Qe3 O-O 25.exf5 Qd4 26.Re1 Qxe3 27.Rxe3 Bxa2 28.g4 Rc8 29.Be4 Kg7
30.fxg6 hxg6 31.Ra3 Bb1 32.Bxb1 Rc1+ 33.Kg2 Rxb1 34.Rxa6 Rxb2+ 35.Kf3 Rxh2
36.Rb6 Rb2 37.g5 Rb1 38.Ke4 Re1+ 39.Kd5 Rf1 40.Rxb5 Rf5 41.Rb7+ Kg8 42.Rb8+ Kg7
43.Rb7+  1/2-1/2

[Event "RUS-Cup8"]
[Site "Smolensk"]
[Date "1997.??.??"]
[Round "5"]
[White "Filippov, Valerij"]
[Black "Donchenko, Anatoly G"]
[Result "1-0"]
[WhiteElo "2510"]
[BlackElo "2390"]

1.Nf3 d5 2.d4 Nf6 3.c4 dxc4 4.e3 e6 5.Bxc4 c5 6.O-O a6 7.Bd3 Nbd7 8.Re1 b6
9.e4 cxd4 10.e5 Nd5 11.Nxd4 Nc5 12.Bf1 Bb7 13.Nd2 Be7 14.Qg4 g6 15.N2f3 Nb4
16.Bh6 Qd5 17.a3 Nc6 18.Rad1 Nxd4 19.Nxd4 O-O-O 20.b4 Ne4 21.b5 Bc5 22.bxa6 Ba8
23.Be3 Qxe5 24.a7 Rxd4 25.Ba6+ Kd7 26.Bxd4 Bxd4 27.Rxd4+ Qxd4 28.Rd1 Qxd1+
29.Qxd1+ Nd6 30.Qd4 Rd8 31.Qxb6 Bd5 32.a4 h5 33.f3 Ke7 34.Qc7+ Rd7 35.Qb8 Rd8
36.h4 Ne8 37.Bb7 Nd6 38.Bxd5  1-0

[Event "Sochi"]
[Site "Sochi"]
[Date "1997.??.??"]
[Round "?"]
[White "Kiriakov, Petr"]
[Black "Komliakov, Viktor"]
[Result "1/2-1/2"]
[WhiteElo "2530"]
[BlackElo "2460"]

1.d4 d5 2.c4 dxc4 3.e3 Nf6 4.Bxc4 e6 5.Nf3 c5 6.O-O a6 7.b3 Nbd7 8.Bb2 b5
9.Be2 Be7 10.Nbd2 O-O 11.a4 bxa4  1/2-1/2

[Event "POL-ch"]
[Site "Sopot"]
[Date "1997.??.??"]
[Round "12"]
[White "Grabarczyk, Miroslaw"]
[Black "Jaracz, Pawel"]
[Result "1-0"]
[WhiteElo "2480"]
[BlackElo "2445"]

1.d4 d5 2.c4 dxc4 3.Nf3 Nf6 4.e3 e6 5.Bxc4 c5 6.O-O a6 7.a4 Nc6 8.Qe2 Qc7
9.Nc3 Bd6 10.Rd1 O-O 11.Bd2 b6 12.d5 exd5 13.Nxd5 Nxd5 14.Bxd5 Bb7 15.Bc3 Rae8
16.Qc4 Ne5 17.Nxe5 Bxe5 18.Bxb7 Qxb7 19.Rd5 b5 20.axb5 axb5 21.Qxc5 Rc8 22.Qxb5 Qxb5
23.Rxb5 Bxc3 24.bxc3 Rxc3 25.h4 g6 26.h5 Kg7 27.Ra7 Rc6 28.g3 Rf6 29.g4 Re6
30.Kg2 Re4 31.Kg3 Re6 32.Rc7 Re4 33.Ra7 Re6 34.Rc5 Re4 35.Kh4 Re6 36.Rcc7 gxh5
37.Kxh5 Rf6 38.f4 Rh6+ 39.Kg5 Re6 40.Re7 Rg6+ 41.Kf5 Rf6+ 42.Ke4 Rb6 43.Kf3 h6
44.Kg3 Rb1 45.e4 Rg1+ 46.Kh3 Kg8 47.e5 Rb8 48.Reb7 Rc8 49.Rb3 Re1 50.g5 hxg5
51.Rg3 Rh1+ 52.Kg2 Rh5 53.f5 Re8 54.Ra5 Kg7 55.Kf3 Kh6 56.Ra6+ Kg7 57.Kg4 Reh8
58.Kf3 Re8 59.Ke4 Rh4+ 60.Kd5 Rh5 61.Ra7 Rd8+ 62.Ke4 Kf8 63.f6 Re8 64.Ra5 Rh1
65.Rxg5 Rb8 66.Rg4 Re1+ 67.Kf5 Rf1+ 68.Kg5 Re8 69.Rh4 Kg8 70.Rf4 Re1 71.Kf5 Kf8
72.Rh4 Rf1+ 73.Kg5 Kg8 74.Rh5 Rg1+ 75.Kf4 Rf1+ 76.Kg3 Rg1+ 77.Kh2 Rg4 78.Ra3 Rb8
79.Rg3 Rxg3 80.Kxg3 Rb4 81.Rh4 Rb1 82.Kf4 Rb4+ 83.Kg5 Rb1 84.Kf5 Rf1+ 85.Ke4 Rd1
86.Rh3 Rd2 87.Rh1 Re2+ 88.Kd5 Ra2 89.Rc1 Rd2+ 90.Kc6 Rd3  1-0

[Event "White Nights op"]
[Site "St Petersburg"]
[Date "1997.??.??"]
[Round "?"]
[White "Razuvajeva, Julia"]
[Black "Afonin, Alexey"]
[Result "1-0"]
[WhiteElo "2105"]
[BlackElo "2220"]

1.d4 d5 2.c4 dxc4 3.Nf3 Nf6 4.e3 e6 5.Bxc4 c5 6.Nc3 a6 7.a4 Nc6 8.O-O cxd4
9.exd4 Be7 10.Re1 O-O 11.d5 exd5 12.Nxd5 Nxd5 13.Qxd5 Qxd5 14.Bxd5 Bf6 15.Ng5 Bg4
16.Ne4 Bd4 17.Be3 Bxe3 18.Bxc6 Bd4 19.Bxb7 Ra7 20.Bd5 Bxb2 21.Rab1 Ba3 22.Rb3 Be7
23.Rb6 Rd8 24.Bc4 a5 25.h3 Bf5 26.g4 Bg6 27.Rc6 Bb4 28.Re2 Re7 29.f3 Kf8
30.Kf2 f6 31.Nc5 Rxe2+ 32.Kxe2 Rd2+ 33.Ke3 Ke7 34.Ne6 Rc2 35.Nd4 Rb2 36.f4 Be8
37.Rc7+ Kd6 38.Rxg7 Bxa4 39.Rxh7 Rg2 40.Rh5 Bd1 41.Rd5+ Kc7 42.Nb5+ Kb6 43.Rxd1 Rg3+
44.Ke4 Rxh3 45.Kf5 Rf3 46.Nd4 Rf2 47.Ne6 Bc3 48.Rd6+ Kb7 49.Bd5+ Ka7 50.Rd7+ Kb8
51.Rb7+  1-0

[Event "St Petersburg-B"]
[Site "St Petersburg"]
[Date "1997.??.??"]
[Round "3"]
[White "Kochyev, Alexander"]
[Black "Khropov, Boris"]
[Result "1/2-1/2"]
[WhiteElo "2435"]
[BlackElo "2260"]

1.d4 d5 2.c4 dxc4 3.Nf3 Nf6 4.e3 e6 5.Bxc4 c5 6.O-O a6 7.dxc5 Qxd1 8.Rxd1 Bxc5
9.a3 b5 10.Be2 Bb7 11.b4 Bb6 12.Bb2 Nbd7 13.Nbd2 Ke7 14.Bd4 Rhc8 15.Rac1 Rxc1
16.Rxc1 Rc8 17.Rxc8 Bxc8 18.Kf1 Bb7 19.Bxb6 Nxb6 20.Ke1 Ne4 21.Nxe4 Bxe4  1/2-1/2

[Event "Piatka op"]
[Site "Swidnica"]
[Date "1997.??.??"]
[Round "8"]
[White "Dydyshko, Viacheslav"]
[Black "Rustemov, Alexander"]
[Result "1/2-1/2"]
[WhiteElo "2480"]
[BlackElo "2550"]

1.d4 d5 2.c4 dxc4 3.Nf3 Nf6 4.e3 e6 5.Bxc4 c5 6.O-O a6 7.Bd3 Nbd7 8.Qe2 b6
9.Rd1 Bb7 10.dxc5 Bxc5 11.b3 O-O 12.Bb2 Qe7 13.Nbd2 Ba3 14.Nc4 Bxb2 15.Qxb2 Bxf3
16.gxf3 Qc5 17.Kh1 b5 18.Nd6 Qh5 19.Be2 Ne5 20.Rg1 Ng6 21.Rad1 Rad8 22.b4 Qh4
23.Rg3 Nh5 24.Rg2 Qf6 25.Qa3 Nh4 26.Rg4 Nf5 27.Ne4 Rxd1+  1/2-1/2

[Event "SWZ-chT9697"]
[Site "SWZ"]
[Date "1997.??.??"]
[Round "?"]
[White "Sutter, Oliver"]
[Black "Giertz, Niklaus"]
[Result "1/2-1/2"]
[WhiteElo "2355"]
[BlackElo "2305"]

1.d4 d5 2.c4 dxc4 3.Nf3 Nf6 4.e3 e6 5.Bxc4 c5 6.O-O a6 7.a4 Nc6 8.Qe2 cxd4
9.Rd1 Be7 10.exd4 O-O 11.Nc3 Nd5 12.Qe4 Ncb4 13.Ne5 Ra7 14.Qg4 f5 15.Qf3 b6
16.Nxd5 exd5 17.Nc6 Qd7 18.Nxe7+ Qxe7 19.Bxd5+ Nxd5 20.Qxd5+ Qe6 21.Qxe6+ Bxe6
22.Bf4 Rd7 23.Be5 Rc8 24.Rac1 Rdd8 25.h3 Rxc1 26.Rxc1 Rc8 27.Re1 Bb3 28.Bf4 Kf7
29.a5 bxa5 30.Re5 g6 31.Rxa5 Bc4 32.d5 Bb5 33.Ra3 Rc4 34.g3 Rd4 35.d6 Ke6
36.Ra1 Be2 37.Kg2 Rd1 38.Ra3 Rd3 39.Rxa6 Bf3+ 40.Kh2 Rd1 41.g4 fxg4 42.hxg4 Bxg4
43.Kg2 Rd4 44.Bg3 Rb4 45.Ra7 Kf6 46.Re7 Be6 47.Rxh7 Rxb2 48.Bh4+ g5 49.Rh6+ Kf5
50.Bxg5 Kxg5 51.Rxe6 Rd2 52.Kf3 Kf5 53.Rh6 Kg5 54.Ke3 Rd1 55.Rh8 Rxd6 56.f4+ Kg6
57.Ke4 Ra6 58.f5+ Kg7 59.Rb8 Kf7 60.Kf4 Ra1 61.Rb7+ Kf8 62.Kg5 Ra6 63.Rb8+ Kf7
64.Rb7+ Kf8 65.Kf4 Rc6 66.Ke5 Ra6 67.f6 Ra1 68.Rb4 Kf7 69.Rb7+  1/2-1/2

[Event "EU-ch U18"]
[Site "Tallinn"]
[Date "1997.??.??"]
[Round "8"]
[White "Iljushin, Alexei"]
[Black "Lopez Moll, Jose Manuel"]
[Result "1/2-1/2"]
[WhiteElo "2430"]
[BlackElo "2155"]

1.d4 d5 2.c4 dxc4 3.Nf3 Nf6 4.e3 e6 5.Bxc4 c5 6.O-O a6 7.Bb3 Nc6 8.Nc3 cxd4
9.exd4 Be7 10.Be3 O-O 11.Qe2 Na5 12.Bc2 b5 13.Ne5 Bb7 14.Rad1 Rc8 15.f3 Nd5
16.Nxd5 Bxd5 17.b3 Nc6 18.Bb1 Qa5 19.Rc1 g6 20.Nd7 Rfd8 21.Nc5 Qb6 22.Qf2 a5
23.Rfd1 Rc7 24.h4 Rdc8 25.Ne4 f5 26.Ng5 Nd8 27.Rxc7 Qxc7 28.Nh3 Bd6 29.Qd2 Nf7
30.Nf4 Qa7 31.h5 Bxf4 32.Bxf4 gxh5 33.Kh2 Nh8 34.Be5 Ng6 35.Qg5 h4 36.Re1 Qe7
37.Bf6 Qf7 38.Bxf5 Rf8 39.Bxg6 Qxg6 40.Qxg6+ hxg6 41.Bxh4 Rc8 42.Re2 Kf7
43.Bg3 Rc6 44.Rb2 Ra6 45.a3 b4 46.axb4 axb4  1/2-1/2

[Event "Nordic Grand Prix"]
[Site "Torshavn"]
[Date "1997.??.??"]
[Round "2"]
[White "Hansen, Sune Berg"]
[Black "Borge, Nikolaj"]
[Result "1/2-1/2"]
[WhiteElo "2505"]
[BlackElo "2405"]

1.d4 d5 2.c4 dxc4 3.e3 Nf6 4.Bxc4 e6 5.Nf3 c5 6.O-O a6 7.a4 Nc6 8.Nc3 Be7
9.Qe2 cxd4 10.Rd1 O-O 11.exd4 Nd5  1/2-1/2

[Event "Ubeda op"]
[Site "Ubeda"]
[Date "1997.??.??"]
[Round "5"]
[White "Gonzalez Garcia, Jose"]
[Black "Collas, Didier"]
[Result "1-0"]
[WhiteElo "2475"]
[BlackElo "2365"]

1.d4 d5 2.c4 dxc4 3.Nf3 Nf6 4.e3 e6 5.Bxc4 c5 6.O-O Nc6 7.Qe2 cxd4 8.Rd1 Be7
9.exd4 O-O 10.Nc3 Nb4 11.Ne5 Nbd5 12.Rd3 Nxc3 13.bxc3 Bd7 14.Rg3 Re8 15.Bh6 g6
16.Re1 Bf8 17.Bg5 Bc6 18.Ng4 Bg7 19.Rf3 Nxg4 20.Bxd8 Raxd8 21.Bb5 Bxb5 22.Qxb5 b6
23.h3 Nf6 24.c4 Nd7 25.Rd3 Re7 26.c5 Rc8 27.c6 Nb8 28.d5 Rec7 29.dxe6 fxe6
30.Rxe6 Nxc6 31.Qd5 Kh8 32.Rde3  1-0

[Event "Clarin GP op"]
[Site "Villa Martelli"]
[Date "1997.??.??"]
[Round "6"]
[White "Sorokin, Maxim"]
[Black "Slipak, Sergio"]
[Result "1/2-1/2"]
[WhiteElo "2555"]
[BlackElo "2515"]

1.Nf3 d5 2.d4 Nf6 3.c4 dxc4 4.e3 e6 5.Bxc4 c5 6.Qe2 a6 7.dxc5 Bxc5 8.O-O b5
9.Bd3 Nc6 10.Nbd2 Bb7 11.e4 e5 12.Nb3 Bb6 13.Be3 Nd7 14.a4 bxa4 15.Rxa4 Bxe3
16.Qxe3 O-O 17.Rc1 Qb6 18.Qxb6 Nxb6 19.Ra3 Nb4 20.Nc5 Rfc8 21.Nxe5 f6 22.Nf3  1/2-1/2

[Event "Zagorovsky mem"]
[Site "Voronezh"]
[Date "1997.??.??"]
[Round "?"]
[White "Cherepkov, Alexander V"]
[Black "Toprover, Viktor G"]
[Result "1-0"]
[WhiteElo "2395"]
[BlackElo "2330"]

1.d4 d5 2.c4 dxc4 3.Nf3 Nf6 4.e3 e6 5.Bxc4 c5 6.O-O a6 7.Qe2 Nc6 8.Rd1 b5
9.dxc5 Qc7 10.Bb3 Bxc5 11.h3 O-O 12.Nc3 Bb7 13.e4 Ne5 14.Bf4 Nxf3+ 15.Qxf3 Qc6
16.Rac1 Rac8 17.Bc2 Rfd8 18.a3 Rxd1+ 19.Qxd1 Kh8 20.Bd3 Qb6 21.Qe2 Rd8 22.Bg3 Bd4
23.e5 Ng8 24.Ne4 Bxb2 25.Qxb2 Rxd3 26.Nd6 g6 27.Nxf7+ Kg7 28.Nd6 Ne7 29.Kh2 Bd5
30.Bh4 Nc6 31.Bf6+ Kg8 32.Rc2 Qd4 33.Qc1 Nxe5 34.Rc8+  1-0

[Event "Hoogovens-B"]
[Site "Wijk aan Zee"]
[Date "1997.??.??"]
[Round "6"]
[White "Riemersma, Liafbern"]
[Black "Cifuentes Parada, Roberto"]
[Result "0-1"]
[WhiteElo "2435"]
[BlackElo "2515"]

1.d4 d5 2.c4 dxc4 3.e3 Nf6 4.Nf3 e6 5.Bxc4 c5 6.Qe2 cxd4 7.exd4 Be7 8.O-O O-O
9.Nc3 Nc6 10.Rd1 Na5 11.Bd3 b6 12.Bg5 Bb7 13.d5 exd5 14.Nd4 Ne4 15.Bxe4 Bxg5
16.Nf5 Re8 17.Qg4 h5 18.Qh3 Re5 19.Bxd5 Bxd5 20.f4 Bxf4 21.Rxd5 Qg5 22.Rf1 Rae8
23.Rxe5 Rxe5 24.Nd6 Qe7 25.Qc8+ Kh7 26.Nce4 Nb7 27.Qc2 g6 28.Rxf4 Nxd6 29.Qf2 Rxe4  0-1

[Event "Zagreb"]
[Site "Zagreb"]
[Date "1997.??.??"]
[Round "2"]
[White "Jelen, Igor"]
[Black "Brumen, Dinko"]
[Result "1-0"]
[WhiteElo "2405"]
[BlackElo "2335"]

1.d4 d5 2.c4 dxc4 3.Nf3 Nf6 4.e3 e6 5.Bxc4 c5 6.O-O a6 7.a4 b6 8.Qe2 Bb7
9.Nc3 Be7 10.dxc5 Bxc5 11.e4 O-O 12.Bg5 Nbd7 13.e5 h6 14.Bh4 Bxf3 15.gxf3 g5
16.Bg3 Nh5 17.Bxa6 Nxg3 18.hxg3 Nxe5 19.Kg2 Qf6 20.Ne4 Qf5 21.Nxc5 bxc5 22.Bb7 Ra5
23.Qd2 Ra7 24.Be4 Qf6 25.Qc2 Qe7 26.Qc3 Qc7 27.Rh1 f5 28.Bc2 Rf6 29.Rae1 Nd7
30.Bb3 Ra6 31.Bc4 Rd6 32.a5 Kh7 33.a6 e5 34.Bb5 Rfe6 35.Ra1 Qa7 36.Rhc1 e4
37.fxe4 Qa8 38.a7 Rxe4 39.Kg1 Re7 40.Bxd7 Rdxd7 41.Qxc5 Rf7 42.Qc4 Kg7 43.Qc3+ Kh7
44.Qb3 Rf8 45.Qb6 f4 46.Ra6 Rg7 47.Qxh6+ Kg8 48.Rc7  1-0

[Event "Zagreb"]
[Site "Zagreb"]
[Date "1997.??.??"]
[Round "2"]
[White "Kovacevic, Blazimir"]
[Black "Videki, Sandor"]
[Result "1-0"]
[WhiteElo "2340"]
[BlackElo "2375"]

1.d4 d5 2.c4 dxc4 3.e3 Nf6 4.Bxc4 e6 5.Nf3 c5 6.O-O a6 7.b3 Nbd7 8.Bb2 Be7
9.Nbd2 O-O 10.e4 b5 11.Bd3 cxd4 12.e5 Nd5 13.Bxd4 Bb7 14.a4 Nb4 15.Bb1 Nc5
16.axb5 axb5 17.Rxa8 Qxa8 18.Qe2 Bxf3 19.Nxf3 Rc8 20.Qxb5 Nxb3 21.Qd7 Kf8
22.Be3 Rd8 23.Qb5 Qd5 24.Qe2 h6 25.h3 Bc5 26.Bf4 Nd3 27.Bg3 Bb6 28.Qc2 Nbc5
29.Rd1 Ba5 30.Bf4 Rb8 31.Be3 Rb5 32.Bxc5+ Rxc5 33.Qxd3 Qxd3 34.Bxd3  1-0

[Event "Excelsior Cup"]
[Site "Gothenburg"]
[Date "1998.01.10"]
[Round "4"]
[White "Akesson, Ralf"]
[Black "Brynell, Stellan"]
[Result "1-0"]
[WhiteElo "2505"]
[BlackElo "2475"]

1.d4 d5 2.c4 dxc4 3.e3 Nf6 4.Bxc4 e6 5.Nf3 c5 6.O-O a6 7.Bb3 b5 8.a4 b4 9.e4 cxd4
10.e5 Nfd7 11.Bg5 Be7 12.Bxe7 Qxe7 13.Qxd4 Nc6 14.Qg4 Bb7 15.Nbd2 O-O 16.Rfe1 Rfd8
17.Nc4 h6 18.Re3 Rab8 19.Bc2 Ba8 20.Bb3 Nb6 21.Nxb6 Rxb6 22.Qe4 g6 23.Qf4 Kg7
24.h4 h5 25.Rd1 Rxd1+ 26.Bxd1 Rb8 27.Ng5 Rd8 28.Bxh5 Rd4 29.Qg3 Nd8 30.Bf3 Bxf3
31.Rxf3 Qd7 32.h5 Rd1+ 33.Kh2 Qe7 34.Rf6 Rd5 35.f4 Qa7 36.hxg6 Rd1 37.Nf3 Kf8
38.g7+ Kg8 39.Rh6  1-0

[Event "Excelsior Cup"]
[Site "Gothenburg"]
[Date "1998.01.15"]
[Round "9"]
[White "Akesson, Ralf"]
[Black "Hartman, Christer"]
[Result "1/2-1/2"]
[WhiteElo "2520"]
[BlackElo "2320"]

1.d4 d5 2.c4 dxc4 3.Nf3 Nf6 4.e3 e6 5.Bxc4 c5 6.O-O a6 7.b3 Nc6 8.Bb2 cxd4
9.Nxd4 Nxd4 10.Qxd4 Qxd4 11.Bxd4 b5 12.Be2 Bb7 13.a4 b4 14.Nd2 Nd7 15.Rac1 Bd6
16.Bf3 Bxf3 17.Nxf3 e5 18.Bb2 Ke7 19.Rc6 Rhc8 20.Rfc1 Rxc6 21.Rxc6 f6 22.Rc4 Nb6
23.Rc2 Nd7 24.Nd2 Nc5 25.Kf1 Ke6 26.Ke2 h5 27.e4  1/2-1/2

[Event "Anibal op 5th"]
[Site "Linares"]
[Date "1998.01.25"]
[Round "6"]
[White "Filippov, Valerij"]
[Black "Estrada Nieto, Julian"]
[Result "0-1"]
[WhiteElo "2595"]
[BlackElo "2395"]

1.Nf3 d5 2.d4 Nf6 3.c4 dxc4 4.e3 e6 5.Bxc4 c5 6.O-O a6 7.Bb3 Nc6 8.Nc3 cxd4
9.exd4 Be7 10.Re1 Na5 11.Bc2 b5 12.a4 b4 13.Ne4 Bb7 14.Nc5 Bxc5 15.dxc5 Qxd1
16.Bxd1 Rc8 17.Bd2 Nd5 18.Rc1 O-O 19.Ng5 Bc6 20.Ne4 Nb7 21.Bb3 a5 22.Bg5 h6
23.Bh4 Nf4 24.Be7 Nd3 25.Nd6 Nxd6 26.Bxf8 Nxc1 27.Rxc1 Kxf8 28.cxd6 Ke8 29.f4 Kd7
30.f5 Bd5 31.fxe6+ fxe6 32.Rxc8 Kxc8 33.Bd1 Kd7 34.Kf2 Kxd6 35.g3 Kc5 36.Ke3 e5
37.b3 Kd6 38.Bc2 g5 39.Bd1 Kc5 40.Bc2 Kd6 41.Bd1 Bf7 42.Kd3 Kd5 43.Ke3 Bg6
44.Bf3+ Kc5 45.Bd1 Kd5 46.Bf3+ e4 47.Bd1 Ke5 48.g4 Bf7 49.Bc2 h5 50.Bxe4 h4
51.Bc2 Bd5 52.Bd1 Be4 53.Be2 Bc2 54.Bc4 Bd1 55.h3 Bc2 56.Bf7 Be4  0-1

[Event "Ubeda op"]
[Site "Ubeda"]
[Date "1998.01.25"]
[Round "6"]
[White "Pelletier, Yannick"]
[Black "Arencibia, Walter"]
[Result "1-0"]
[WhiteElo "2515"]
[BlackElo "2535"]

1.d4 d5 2.c4 dxc4 3.Nf3 e6 4.e3 Nf6 5.Bxc4 c5 6.Qe2 cxd4 7.exd4 Nc6 8.O-O Nxd4
9.Nxd4 Qxd4 10.Rd1 Qb6 11.Bb5+ Bd7 12.Nc3 Bxb5 13.Qxb5+ Qc6 14.Be3 Be7 15.Rac1 O-O
16.Qxc6 bxc6 17.Na4 Rfc8 18.Rc4 Nd5 19.Rdc1 Nxe3 20.fxe3 g6 21.Kf2 Bd6 22.Rxc6 Rd8
23.h3 Be5 24.Ke2 Rab8 25.b3 Kg7 26.Ra6 Rbc8 27.Rc5 Rxc5 28.Nxc5 Bb8 29.b4 Kf6
30.Ra5 Rd5 31.a4 Ke7 32.Rb5 Bd6 33.Rb7+ Ke8 34.Ne4 Be7 35.Rxa7 Re5 36.Ra8+ Kd7
37.Ra7+ Ke8 38.Kd3 Bxb4 39.Nf6+ Kd8 40.Rd7+ Kc8 41.Rxf7 Rf5 42.g4 Rf3 43.Ke2 Rxh3
44.Rxh7 Rxh7 45.Nxh7 Kd7 46.Kd3 Ke7 47.Ng5 Kd6 48.Nf3  1-0

[Event "Malaga op"]
[Site "Malaga"]
[Date "1998.02.19"]
[Round "7"]
[White "Vasallo, Mauricio"]
[Black "Del Rey, Diego"]
[Result "1/2-1/2"]
[WhiteElo "2410"]
[BlackElo "2350"]

1.d4 d5 2.c4 dxc4 3.Nf3 Nf6 4.e3 e6 5.Bxc4 c5 6.O-O a6 7.a4 Be7 8.Qe2 cxd4
9.exd4 Nc6 10.Rd1 O-O  1/2-1/2